Catálogo público

Níquel en el crecimiento, rendimiento y calidad de plantas de fresa (Fragaria x ananassa Duch.) CV, Albión / (Record no. 220147)

MARC details
000 -CABECERA
campo de control de longitud fija 03588nam a2200325 a 4500
003 - IDENTIFICADOR DEL NÚMERO DE CONTROL
campo de control OSt
005 - FECHA Y HORA DE LA ÚLTIMA TRANSACCIÓN
campo de control 20240909103938.0
007 - CAMPO FIJO DE DESCRIPCIÓN FÍSICA--INFORMACIÓN GENERAL
campo de control de longitud fija cr ||||||a|c|a
008 - DATOS DE LONGITUD FIJA--INFORMACIÓN GENERAL
campo de control de longitud fija 240906s2024 mx a|||fom||| 001 0 spa d
040 ## - FUENTE DE LA CATALOGACIÓN
Normas de descripción rda
100 1# - ENTRADA PRINCIPAL--NOMBRE DE PERSONA
Nombre de persona Rodríguez Rojas, Elizabeth Jaret
9 (RLIN) 189552
245 10 - MENCIÓN DE TÍTULO
Título Níquel en el crecimiento, rendimiento y calidad de plantas de fresa (Fragaria x ananassa Duch.) CV, Albión /
Mención de responsabilidad, etc. por Elizabeth Jaret Rodríguez Rojas; director de tesis Sara Monzerrat Ramírez Olvera; secretario Claudio Arturo Pérez Mercado; vocal Gustavo Mena Nevárez; suplente José Manuel Pineda Rios; suplente Oscar Morales Galván.
264 #1 - PRODUCCIÓN, PUBLICACIÓN, DISTRIBUCIÓN, FABRICACIÓN Y COPYRIGHT
Producción, publicación, distribución, fabricación y copyright Chapingo, México :
Nombre del de productor, editor, distribuidor, fabricante El autor,
Fecha de producción, publicación, distribución, fabricación o copyright 2024.
300 ## - DESCRIPCIÓN FÍSICA
Extensión 1 recurso en línea ( 50 páginas).
Otras características físicas cuadros, figuras.
336 ## - TIPO DE CONTENIDO
Fuente rdacontent
Término de tipo de contenido texto
Código de tipo de contenido txt
337 ## - TIPO DE MEDIO
Fuente rdamedia
Nombre/término del tipo de medio computadora
Código del tipo de medio c
338 ## - TIPO DE SOPORTE
Fuente rdacarrier
Nombre/término del tipo de soporte recurso en línea
Código del tipo de soporte cr
502 ## - NOTA DE TESIS
Nombre de la institución que otorga el título
504 ## - NOTA DE BIBLIOGRAFÍA, ETC.
Nota de bibliografía, etc. Incluye referencias bibliográficas: páginas 34-40.
520 ## - SUMARIO, ETC.
Sumario, etc. La fresa (Fragaria × ananassa Duch.), es altamente consumida destacando por su sabor, olor y color, además de poseer una serie de beneficios para la salud. Es un cultivo de importancia económica, que compite en el mercado mundial. Actualmente México cuenta con las condiciones favorables para su explotación en la industria, por lo que se requiere aprovechar este potencial e incluir elementos que impulsen y eficienticen la producción. El níquel (Ni) es un elemento esencial que participa en el metabolismo vegetal. Sus efectos dependen de las dosis, fuente, especie, periodo y forma de aplicación. El objetivo de la presente investigación fue evaluar el efecto de Ni a dosis crecientes vía foliar, en el crecimiento, rendimiento y calidad de fresa cv. Albión. Se establecieron plantas de fresa de 40 días de edad en bolsas de polietileno negras con tezontle, y la nutrición de plantas fue a base de solución Steiner. A los 21 días de aclimatación se inició la aplicación de tratamientos que consistieron en 0, 25, 50 y 75 μM Ni los cuales fueron aplicados cada 7 días durante 28 días. A los 7 días después de inicio de tratamientos (ddit), y en periodos de 7 días se registraron las variables de altura y número de hojas. Se contabilizo el número acumulado de flores y frutos. Así como, el diámetro polar y ecuatorial, firmeza, peso y solidos solubles totales (° Brix) de frutos. Después, se retiraron las plantas del sustrato y se midieron las variables de volumen y longitud de raíz, diámetro de corona del tallo y biomasa fresca y seca de parte aérea, raíz y estolones. La aplicación de níquel incremento el porcentaje de plantas con estolones y del número de estolones por planta, biomasa fresca aérea, peso fresco de frutos, diámetro polar de fruto. Mientras que disminuyo el porcentaje de plantas con flores, volumen de raíz, biomasa fresca de raíz, biomasa seca de parte aérea y raíz, peso seco relativo de estolones por planta, firmeza y sólidos solubles totales.
650 #4 - PUNTO DE ACCESO ADICIONAL DE MATERIA--TÉRMINO DE MATERIA
Término de materia o nombre geográfico como elemento de entrada Niquel
Subdivisión general Efecto en fresa
9 (RLIN) 189553
650 #4 - PUNTO DE ACCESO ADICIONAL DE MATERIA--TÉRMINO DE MATERIA
Término de materia o nombre geográfico como elemento de entrada Fresa
Subdivisión general Crecimiento
9 (RLIN) 43197
700 1# - PUNTO DE ACCESO ADICIONAL--NOMBRE DE PERSONA
Nombre de persona Ramírez Olvera, Sara Monzerrat
9 (RLIN) 128668
Término indicativo de función/relación Director de tesis.
700 1# - PUNTO DE ACCESO ADICIONAL--NOMBRE DE PERSONA
Nombre de persona Pérez Mercado, Claudio Arturo
9 (RLIN) 189067
Término indicativo de función/relación Secretario.
700 1# - PUNTO DE ACCESO ADICIONAL--NOMBRE DE PERSONA
Nombre de persona Mena Nevárez, Gustavo
9 (RLIN) 74533
Término indicativo de función/relación Vocal.
700 1# - PUNTO DE ACCESO ADICIONAL--NOMBRE DE PERSONA
Nombre de persona Pineda Rios, José Manuel
9 (RLIN) 88174
Término indicativo de función/relación Suplente.
700 1# - PUNTO DE ACCESO ADICIONAL--NOMBRE DE PERSONA
Nombre de persona Morales Galván, Oscar
9 (RLIN) 78271
Término indicativo de función/relación Suplente.
856 ## - LOCALIZACIÓN Y ACCESO ELECTRÓNICOS
Identificador Uniforme del Recurso http://10.13.5.2/tesis/tl/1612134-3_RODRIGUEZ_ROJAS_ELIZABETH.pdf
Nota pública DESCARGAR PDF
942 ## - ELEMENTOS DE PUNTO DE ACCESO ADICIONAL (KOHA)
Fuente del sistema de clasificación o colocación Clasificación Universidad Autónoma Chapingo
Tipo de ítem Koha Tesis digital
Holdings
Estado de retiro Estado de pérdida Fuente del sistema de clasificación o colocación Estado dañado Restricciones de uso No para préstamo Código de colección Localización permanente Ubicación/localización actual Ubicación en estantería Fecha de adquisición Total de préstamos Signatura topográfica completa Fecha visto por última vez Precio válido a partir de Tipo de ítem Koha
    Clasificación Universidad Autónoma de Chapingo   Préstamo interno   Tesis digitales de Licenciatura Biblioteca Digital Biblioteca Digital En línea 06/09/2024   Tesis digital 06/09/2024 06/09/2024 Tesis digital